UEFA League Rankings top 40 - Statistics

General Stats
  • This quiz has been taken 97 times
  • The average score is 35 of 40
Answer Stats
Rank Answer % Correct
3 England
100%
5 France
100%
2 Germany
100%
1 Spain
100%
16 Austria
99%
4 Italy
99%
13 Netherlands
99%
7 Portugal
99%
6 Russia
99%
9 Belgium
97%
20 Sweden
97%
36 Finland
96%
15 Croatia
95%
23 Norway
95%
12 Switzerland
95%
14 Greece
92%
10 Turkey
92%
37 Ireland
91%
21 Poland
91%
28 Bulgaria
89%
11 Czech Republic
89%
18 Denmark
89%
33 Hungary
89%
17 Romania
89%
27 Serbia
89%
30 Slovenia
89%
31 Slovakia
88%
8 Ukraine
88%
22 Scotland
87%
39 Bosnia and Herzegovina
81%
19 Belarus
80%
35 Iceland
80%
38 Albania
76%
26 Cyprus
72%
40 Georgia
72%
34 Moldova
69%
25 Azerbaijan
61%
24 Israel
61%
29 Kazakhstan
59%
32 Liechtenstein
23%
No matching quizzes found
Score Distribution
Percent of People with Each Score
Percentile by Number Answered
Your Score History
You have not taken this quiz